[Event "Wch U16 Girls"]
[Site "Porto Carras"]
[Date "2015.10.25"]
[Round "1"]
[White "Sieber, Fiona"]
[Black "Karimzada, Narmin"]
[Result "1-0"]
[WhiteElo "2180"]
[BlackElo "1807"]
[PlyCount "83"]
[EventDate "2015.10.25"]
[EventType "swiss"]
[EventRounds "11"]
[EventCountry "GRE"]
[SourceTitle "CBM 169 Extra"]
[Source "ChessBase"]
[SourceDate "2015.12.18"]
[SourceVersion "1"]
[SourceVersionDate "2015.12.18"]
[SourceQuality "1"]

1. e4 c5 2. Nf3 Nc6 3. d4 cxd4 4. Nxd4 e5 5. Nb5 a6 6. Nd6+ Bxd6 7. Qxd6 Qe7 8. Qd1 Nf6 9. Nc3 d6 10. Bg5 Be6 11. Nd5 Bxd5 12. exd5 Nb8 13. Be2 h6 14. Be3 0-0 15. 0-0 Nbd7 16. c4 Rfc8 17. Qd2 Rab8 18. Rfc1 Qf8 19. b4 b5 20. a4 bxc4 21. Bxc4 Ra8 22. f3 Qe7 23. Be2 Qd8 24. a5 e4 25. f4 Nb8 26. Bb6 Qd7 27. Bd4 Nxd5 28. Bxg7 Nxb4 29. Bxh6 N8c6 30. f5 Qxf5 31. Ra3 Ne5 32. Qxb4 Rxc1+ 33. Bxc1 Rc8 34. Rg3+ Ng6 35. Be3 Qd5 36. h4 Qe5 37. Rg5 Qa1+ 38. Kh2 Rc2 39. Bd4 Qc1 40. Qxd6 Rxe2 41. Qd8+ Kh7 42. Rh5+ 1-0

[Event "EU-ch U14 Girls 24th"]
[Site "Batumi"]
[Date "2014.10.24"]
[Round "6"]
[White "Erseki, Tamara"]
[Black "Karimzada, Narmin"]
[Result "0-1"]
[WhiteElo "1863"]
[BlackElo "1679"]
[PlyCount "79"]
[EventDate "2014.10.19"]
[EventType "swiss"]
[EventRounds "9"]
[EventCountry "GEO"]
[SourceTitle "EXT 2016"]
[Source "ChessBase"]
[SourceDate "2015.10.08"]
[SourceVersion "1"]
[SourceVersionDate "2015.10.08"]
[SourceQuality "1"]

1. e4 c5 2. Nf3 Nc6 3. d4 cxd4 4. Nxd4 e5 5. Nb5 a6 6. Nd6+ Bxd6 7. Qxd6 Qe7 8. Qxe7+ Ngxe7 9. Nc3 d5 10. Bd2 Be6 11. exd5 Nxd5 12. 0-0-0 0-0-0 13. Ne4 f6 14. Bc4 Nc7 15. Bd3 Bxa2 16. b3 Bxb3 17. Bxa6 Nxa6 18. cxb3 Rd4 19. Rhe1 Rhd8 20. Bc3 Rxd1+ 21. Rxd1 Rxd1+ 22. Kxd1 Kd7 23. Kd2 f5 24. Ng5 h6 25. Nf3 Ke6 26. Ke3 Nc5 27. Nd2 g5 28. g3 Ne7 29. Bb2 Kd5 30. f3 Nc6 31. Bc3 b5 32. f4 b4 33. Ba1 gxf4+ 34. gxf4 e4 35. Bg7 h5 36. Bf8 Ne6 37. Bh6 Ncd4 38. h4 Nc2+ 39. Ke2 Ned4+ 40. Kf1 0-1

[Event "Wch U14 Girls"]
[Site "Al Ain"]
[Date "2013.12.21"]
[Round "4"]
[White "Karimzada, Narmin"]
[Black "Aouachria, Marwa"]
[Result "1-0"]
[WhiteElo "1662"]
[BlackElo "1389"]
[PlyCount "77"]
[EventDate "2013.12.18"]
[EventType "swiss"]
[EventRounds "11"]
[EventCountry "UAE"]
[SourceTitle "CBM 158 Extra"]
[Source "ChessBase"]
[SourceDate "2014.02.28"]
[SourceVersion "1"]
[SourceVersionDate "2014.02.28"]
[SourceQuality "1"]

1. e4 c5 2. c3 Nc6 3. Nf3 d6 4. d4 cxd4 5. cxd4 a6 6. Nc3 Nf6 7. Bd3 Bg4 8. Be2 e5 9. Be3 d5 10. exd5 Nxd5 11. Nxd5 Qxd5 12. dxe5 Bb4+ 13. Bd2 Bxf3 14. Bxf3 Qxe5+ 15. Qe2 Bxd2+ 16. Kxd2 Qxe2+ 17. Bxe2 Nd4 18. Bc4 0-0-0 19. Kc3 b5 20. Rad1 Ne6 21. Bxe6+ fxe6 22. Rhe1 Rxd1 23. Rxd1 Rd8 24. Rxd8+ Kxd8 25. Kd4 Ke7 26. Kc5 g5 27. Kb6 Kd6 28. Kxa6 Kc5 29. Ka5 e5 30. b4+ Kc6 31. a4 h5 32. axb5+ Kb7 33. b6 h4 34. h3 Kb8 35. Kb5 Kb7 36. Kc5 e4 37. Kd4 Kxb6 38. Kxe4 Kb5 39. Kf5 1-0

[Event "Wch U14 Girls"]
[Site "Al Ain"]
[Date "2013.12.19"]
[Round "2"]
[White "Karimzada, Narmin"]
[Black "Rodha, Faraj"]
[Result "1-0"]
[WhiteElo "1662"]
[BlackElo "1306"]
[PlyCount "37"]
[EventDate "2013.12.18"]
[EventType "swiss"]
[EventRounds "11"]
[EventCountry "UAE"]
[SourceTitle "CBM 158 Extra"]
[Source "ChessBase"]
[SourceDate "2014.02.28"]
[SourceVersion "1"]
[SourceVersionDate "2014.02.28"]
[SourceQuality "1"]

1. e4 c5 2. c3 d5 3. exd5 Qxd5 4. d4 Bf5 5. Na3 Nc6 6. Nf3 Rd8 7. Be3 cxd4 8. Bc4 Qa5 9. Qb3 e6 10. Qxb7 dxe3 11. Qxc6+ Ke7 12. fxe3 Kf6 13. Nb5 Ne7 14. Qc5 Nd5 15. Qd4+ e5 16. Qxe5+ Kg6 17. Nh4+ Kg5 18. Qxf5+ Kxh4 19. g3# 1-0

[Event "Wch U14 Girls"]
[Site "Al Ain"]
[Date "2013.??.??"]
[Round "1"]
[White "Unuk, Laura"]
[Black "Karimzada, Narmin"]
[Result "1-0"]
[WhiteElo "2014"]
[BlackElo "1662"]
[PlyCount "65"]
[EventDate "2013.12.18"]
[EventType "swiss"]
[EventRounds "11"]
[EventCountry "UAE"]
[SourceTitle "CBM 158 Extra"]
[Source "ChessBase"]
[SourceDate "2014.02.28"]
[SourceVersion "1"]
[SourceVersionDate "2014.02.28"]
[SourceQuality "1"]

1. d4 Nf6 2. Nf3 d5 3. c4 e6 4. g3 c6 5. Bg2 Be7 6. 0-0 0-0 7. Nc3 Nbd7 8. Re1 Bb4 9. Qb3 a5 10. Bf4 Ne4 11. Rad1 Nb6 12. c5 Bxc3 13. bxc3 Nc4 14. Ne5 Nxe5 15. Bxe4 Nc4 16. Bd3 b5 17. cxb6 Nxb6 18. Rb1 Nd7 19. Qa4 Ba6 20. Bxa6 Rxa6 21. Rb7 Re8 22. Reb1 e5 23. Bxe5 Nxe5 24. dxe5 Ra8 25. Qxc6 Rxe5 26. Rd7 Qe8 27. e3 Re7 28. Rbb7 Rxe3 29. Qxd5 Re6 30. Rxf7 Re1+ 31. Kg2 Rd8 32. Rxg7+ Kh8 33. Rxh7# 1-0